000 00769nam a2200241Ii 4500
003 JO-AjNU
005 20240110140146.0
008 230605s9999||||xx |||||||||||||| ||und||
017 _a1998/1/32
040 _aJO-AjNU
_bara
_erda
_cJO-AjNU
041 _aara
050 1 4 _aPJ6696 B33.2010
100 3 _aصالح، بهجت عبد الواحد,
_eauthor
_943151
245 0 0 _aالإعراب المفصل لكتاب الله المرتل، الجزء 4
250 _aط3 مصححة ومزيدة ومنقحة
264 3 1 _aعمان: دار الفكر، 2010
300 _aم4، 616ص
336 _atext
_btxt
_2rdacontent
337 _aunmediated
_bn
_2rdamedia
338 _avolume
_bnc
_2rdacarrier
650 4 _aالقرآن -- إعراب
_943152
942 _2lcc
_cBK
999 _c22099
_d22099